01029nam a2200181Ia 4500003000900000005001700009008004100026040003100067040001300098041000800111100001800119100001400137245007100151260002200222300002400244490002100268520055800289IT-RoPAU20220918175743.0120407s9999 xx 000 0 und d aIT-RoPAUc20140430155932.0 cIT-RoPAU aita aBiolchini A.  ca cura di aCose belle cose vere. bEpisodi di vita apostolica Paolina 1929-60 c1989 aRoma bFSP a200 p.bIll.c19 cm aEdizioni Paoline aIndice generale Dedica Presentazione A Roma, una sera Le Figlie di San Paolo Premessa Le Beatitudini delle Figlie di San Paolo Testimonianze Come riuscire? Ecco il segreto Pietra su petra per edificare Diritto e rovescio della medaglia: cominciando dal rovescio Diritto e rovescio della medaglia: continuando dal diritto La vita per il Vangelo Una lettura può rivoluzionare la vita Protezione celeste L'uomo vestito in grigio Farsi tutto a tutti (1 Cor 9,22) In Italia nel difficile dopoguerra In ogni parte del mondo Collaboratori e collaborazione